000 00864nam a22002657a 4500
001 115364
003 UA-OsUOA
005 20201130193437.0
007 ta
008 20151221b un ||||| |||| 00| 0 ukr d
020 _a978-966-395-607-7
040 _aUA-OsUOA
_bukr
_cUA-OsUOA
_dUA-OsUOA
041 _aukr
080 _a94(477)"1937/1938"
090 _a94(477)"1937/1938"
_bХ65
100 _aХмельковський Л.
245 _aЧорна хмара над Україною
_bдо 75-річчя Великого терору в Україні
260 _aЛьвів
_bСвічадо
_c2012
300 _a40 с.
591 _aПасічник І. Д.
650 7 _a9 Географія. Біографії. Історія
_2UDC
942 _cBK
_2udc
955 _a1
999 _c401505
_d401505